| Tag |
First Indicator |
Second Indicator |
Subfields |
| LEADER |
00000cam a2200000Ia 4500 |
| 001 |
in00002425963 |
| 005 |
20190327171446.0 |
| 006 |
m d |
| 007 |
cr cn||||||||| |
| 008 |
070802s2007 stka s 000 0 eng d |
| 020 |
|
|
|a 9780444519009
|
| 020 |
|
|
|a 0444519009
|
| 035 |
|
|
|a (OCoLC)ocn162130349
|
| 035 |
|
|
|a (OCoLC)162130349
|
| 037 |
|
|
|a 112897:112986
|b Elsevier Science & Technology
|n http://www.sciencedirect.com
|
| 040 |
|
|
|a OPELS
|c OPELS
|d BAKER
|d OPELS
|d OCLCA
|d UtOrBLW
|
| 049 |
|
|
|a TEFA
|
| 050 |
1 |
4 |
|a RC382
|b .P37 2007
|
| 082 |
0 |
4 |
|a 616.833
|2 22
|
| 245 |
0 |
0 |
|a Parkinson's disease and related disorders :
|b Part I /
|c edited by William C. Koller and Eldad Melamed.
|
| 264 |
|
1 |
|a Edinburgh :
|b Elsevier,
|c 2007.
|
| 300 |
|
|
|a pages cm.
|
| 336 |
|
|
|a text
|b txt
|2 rdacontent
|
| 337 |
|
|
|a computer
|b c
|2 rdamedia
|
| 338 |
|
|
|a online resource
|b cr
|2 rdacarrier
|
| 490 |
1 |
|
|a Handbook of clinical neurology
|
| 533 |
|
|
|a Electronic reproduction.
|b Amsterdam :
|c Elsevier Science & Technology,
|d 2007.
|n Mode of access: World Wide Web.
|n System requirements: Web browser.
|n Title from title screen (viewed on July 25, 2007).
|n Access may be restricted to users at subscribing institutions.
|
| 500 |
|
|
|a Electronic resource.
|
| 650 |
|
0 |
|a Parkinson's disease
|x Diagnosis.
|
| 650 |
|
0 |
|a Parkinson's disease
|x Treatment.
|
| 650 |
|
0 |
|a Movement disorders
|x Diagnosis.
|
| 650 |
|
0 |
|a Nervous system
|x Degeneration
|x Diagnosis.
|
| 650 |
|
0 |
|a Nervous system
|x Degeneration
|x Treatment.
|
| 655 |
|
7 |
|a Electronic books.
|2 local
|
| 700 |
1 |
|
|a Koller, William C.,
|d 1945-2005.
|
| 700 |
1 |
|
|a Melamed, Eldad.
|
| 710 |
2 |
|
|a ScienceDirect (Online service)
|
| 776 |
1 |
|
|c Original
|z 9780444519009
|z 0444519009
|w (OCoLC)77012439
|
| 830 |
|
0 |
|a Handbook of clinical neurology.
|
| 856 |
4 |
0 |
|u http://proxy.library.tamu.edu/login?url=http://www.sciencedirect.com/science/publication?issn=00729752&volume=83
|z Connect to the full text of this electronic book
|t 0
|
| 938 |
|
|
|a Baker & Taylor
|b BKTY
|c 260.00
|d 260.00
|i 0444519009
|n 0007200584
|s active
|
| 994 |
|
|
|a C0
|b TEF
|
| 999 |
|
|
|a MARS
|
| 999 |
f |
f |
|s 5e997371-3efd-3b4b-8d1b-c2a2f9610191
|i ee8d8c37-df60-30bd-bf2d-ad2e51e8f254
|t 0
|
| 952 |
f |
f |
|a Texas A&M University
|b College Station
|c Electronic Resources
|d Available Online
|t 0
|e RC382 .P37 2007
|h Library of Congress classification
|
| 998 |
f |
f |
|a RC382 .P37 2007
|t 0
|l Available Online
|